| 000 | 00746nam a22002657a 4500 | ||
|---|---|---|---|
| 001 | 32169 | ||
| 003 | UA-OsUOA | ||
| 005 | 20260304111948.0 | ||
| 007 | ta | ||
| 008 | 20050124b un ||||| |||| 00| 0 ukr d | ||
| 020 | _a586828028Х | ||
| 040 |
_aUA-OsUOA _bukr _cUA-OsUOA _dUA-OsUOA |
||
| 041 | _aukr | ||
| 044 | _aUA | ||
| 080 | _a94(477).02 | ||
| 090 |
_a94(477).02 _bТ52 |
||
| 100 |
_aТолочко П. _cакадемік _923237 |
||
| 245 |
_aКиївська Русь _cПетро Толочко |
||
| 260 |
_aК. _bАбрис _c1996 |
||
| 300 |
_a360 с. _bіл. |
||
| 650 | 7 |
_a94(477) Історія України _2UDC _940 |
|
| 942 |
_cBK _2udc |
||
| 955 | _a2 | ||
| 999 |
_c318607 _d318607 |
||